000 00688nam a2200193 a 4500
001 BRCA_2204
005 20190320203719.0
008 870817s1986 mx-c---###---#000-0#spa-#
040 _aDLC
_cDLC
_dDLC
050 4 _aNK7114
_b.C66 1986
100 1 _aCortina Portilla, Manuel
_9755
245 1 0 _aAlgo sobre la plata en México en el siglo XVIII
_cManuel Cortina Portilla.
260 _aMéxico
_bCONSA
_c1986
300 _a48 p.
_bil. a color, retratos
_c34 cm.
610 2 4 _aCasa de Moneda de México
_xHistoria
_ySiglo XVIII
_96639
650 1 4 _aCasas de la moneda
_xHistoria
_ySiglo XVIII
_zMéxico
_96640
650 1 4 _aRetratos de pintura mexicana
_ySiglo XVIII
_zMéxico
_96641
942 _2lcc
_cB
999 _c1960
_d1960